Fuentes y raíces del pensamiento antiimperialista de José Martí /

में बचाया:
ग्रंथसूची विवरण
मुख्य लेखक: Marinello, Juan
स्वरूप: मूलपाठ
टैग: टैग जोड़ें
कोई टैग नहीं, इस रिकॉर्ड को टैग करने वाले पहले व्यक्ति बनें!

MARC

LEADER 00000 a a2200000 04500
001 2626
003
040
100 |a Marinello, Juan  
245 |a Fuentes y raíces del pensamiento antiimperialista de José Martí /  |c Juan Marinello 
773 |g número 90; páginas 4-12  
999 |c 24756  |d 24756